Traditional home book of herbs

Bibliographic Details
Main Author: Janulewicz, Mike
Format: Book
Published: New York, N.Y. [Great Britain] : Todtri, , 1996.
Subjects:

MARC

LEADER 00000cam a2200000 7i4500
001 0000003657
005 20080129.0
020 0 0 |a 1880908409 
090 0 0 |a 635.7   |b JAN 
100 1 0 |a Janulewicz, Mike 
245 1 0 |a Traditional home book of herbs   |c Michael Janulewicz. 
260 0 0 |a New York, N.Y.   |a [Great Britain] :   |b Todtri, ,   |c 1996. 
300 |a 144 p. :   |b col. ill. ;   |c 31 cm. 
650 0 0 |a Herbs. 
650 0 0 |a Herbs   |x Pictorial works. 
999 |a 0000007259   |b Monograph   |c Open Shelf   |e Default branch